| 000 | 00604nam a2200229 a 4500 | ||
|---|---|---|---|
| 001 | 6113 | ||
| 003 | CO-ViMGA | ||
| 008 | 141112s2004 ck r 000 u spa d | ||
| 020 | _a8478271562 | ||
| 040 |
_aCO-ViMGA _bspa _cCO-ViMGA |
||
| 082 | 0 | 4 | _a371.102 C657 |
| 100 | 1 |
_aColl César y otros _94747 |
|
| 245 | 1 | 0 |
_aEl constructivismo en el aula / _cColl Cesar y otros |
| 250 | _a6a | ||
| 260 |
_aBarcelona : _bGraó, _c1997 |
||
| 300 | _a183 p : il | ||
| 490 | _aPedagogía, 111 | ||
| 590 | _aEjemplares : 2 | ||
| 650 | 1 | 4 | _aCONSTRUCTIVISMO |
| 650 | 1 | 4 |
_aENSEÑANZA - TEORIA _94748 |
| 942 |
_2ddc _cBK |
||
| 999 |
_c18087 _d18087 |
||